000 00246nam a2200097Ia 4500
005 20250424112832.0
008 250424s9999 xx 000 0 und d
300 _a524 p. : ill. ; 26 cm.
650 _aCorporations--Finance--Periodicals
942 _cSR
999 _c37413
_d37413